US City Cities - Statistics

General Stats
  • This quiz has been taken 98 times
  • The average score is 13 of 45
Answer Stats
Population State City % Correct
579,999 OK Oklahoma City
88%
247,597 NJ Jersey City
85%
186,440 UT Salt Lake City
81%
55,274 NV Carson City
80%
151,709 KS Kansas City
80%
459,787 MO Kansas City
80%
33,559 NY New City
75%
43,088 MO Jefferson City
64%
39,558 NJ Atlantic City
56%
74,398 IA Iowa City
53%
82,872 IA Sioux City
47%
68,531 SD Rapid City
42%
45,091 TX Texas City
36%
32,646 OR Oregon City
31%
31,484 IN Michigan City
28%
63,485 TN Johnson City
27%
52,531 AZ Lake Havasu City
25%
129,480 UT West Valley City
25%
47,698 HI Pearl City
23%
66,825 TX Missouri City
22%
38,904 CA Culver City
20%
35,520 FL Panama City
19%
69,524 CA Union City
17%
66,439 NJ Union City
17%
34,932 MI Bay City
16%
101,146 CA Daly City
16%
37,499 AZ Sun City
15%
34,364 GA Peachtree City
14%
76,802 CA Redwood City
14%
83,560 TX League City
12%
54,371 OK Midwest City
11%
35,364 MO University City
11%
65,631 CA Yuba City
10%
32,873 AL Phenix City
9%
37,042 IL Calumet City
6%
45,917 CO Commerce City
6%
65,834 MD Ellicott City
6%
42,409 TX Haltom City
5%
58,578 CA National City
5%
51,200 CA Cathedral City
4%
65,969 VA Dale City
4%
35,589 OH Grove City
4%
30,567 CA Foster City
2%
35,551 CA Temple City
2%
34,685 FL Plant City
0%
No matching quizzes found
Score Distribution
Percent of People with Each Score
Percentile by Number Answered
Your Score History
You have not taken this quiz